000 01312nam a2200349Ii 4500
001 11370
003 BD-RjUL
005 20211208235119.0
008 140126s1975 ne a b 101 0 eng d
035 _aMITb10025017
_a(BD-RjUL)11419
035 _a(OCoLC)02325577
035 _aGLIS00025017
040 _aMYG
_cMYG
_beng
_dBD-RjUL
041 _aeng
082 _a620.11
_bVAP 1975
099 _aQD .J829
099 _aQD
_a.J829
111 2 _aInternational Conference on Vapour Growth and Epitaxy
_n(3rd :
_d1975 :
_cAmsterdam, Netherlands)
_935147
245 1 0 _aVapour growth and epitaxy :
_bproceedings of the third International Conference on Vapour Growth and Epitaxy, Amsterdam, the Netherlands, 12-21 August 1975 /
_cedited by G.W. Cullen...[et al.].
260 _aAmsterdam :
_bNorth-Holland ;
_c1975.
300 _axii, 398 p. :
_bill. ;
_c26 cm.
490 1 _aJournal of crystal growth ; v.31, 1975
504 _aIncludes bibiographies and indexes.
650 0 _aCrystal growth
_vCongresses.
_935148
650 0 _aEpitaxy
_vCongresses.
_935149
650 0 _aSemiconductors
_vCongresses.
_928029
650 0 _aThin films
_vCongresses.
_935150
830 0 _vv. 31, 1975.
_935170
700 1 _aCullen, Glenn Wherry,
_d1931-
_935152
830 0 _aJournal of crystal growth ;
_935153
942 _2ddc
_cBK
999 _c11370
_d11370